The Weeknd Songs With Over 1 Billion Streams (2026) - Statistics

General Stats
  • This quiz has been taken 9 times
  • The average score is 21 of 31
Answer Stats
Streams Song % Correct
5.4B Blinding Lights
100%
2.4B Call Out My Name
89%
2.1B Earned It (Fifty Shades of Grey)
89%
4.5B Starboy
89%
3B The Hills
89%
3.2B Die For You
78%
1.3B Die For You - Remix
78%
2.7B Save Your Tears
78%
2.2B Save Your Tears (Remix)
78%
1.5B Timeless
78%
1.3B After Hours
67%
2.1B Can't Feel My Face
67%
1.7B Creepin'
67%
1.2B Heartless
67%
2.2B I Feel It Coming
67%
1.3B Love Me Harder
67%
1.3B Often
67%
2.6B One of the Girls
67%
1.3B Popular
67%
1.2B Pray For Me
67%
1.5B Stargirl Interlude
67%
1B Is There Someone Else?
56%
1.4B I Was Never There
56%
1.3B Lost in the Fire
56%
1.3B Low Life
56%
1.4B Moth to a Flame
56%
1.4B Reminder
56%
1.1B In Your Eyes
44%
1.3B Or Nah
44%
1B Party Monster
44%
1.1B You Right
44%
No matching quizzes found
Score Distribution
Percent of People with Each Score
Percentile by Number Answered
Your Score History
You have not taken this quiz